000 00897cam a22003251 4500
001 8426135
003 OSt
005 20260429163556.0
008 810622s1960 xx a 000 0 eng
010 _a 60013347
035 _a8426135
035 _a(OCoLC)14615332
040 _aDLC
_cDNLM
_dODaWU
_dOCoLC
_dDLC
042 _apremarc
050 0 0 _aHQ766
_b.V6
060 0 _aHB 851
_bV887p 1960
082 _a304.6 VOG
100 1 _aVogt, William,
_d1902-
245 1 0 _aPeople. Challenge to survival.
260 _aNew York,
_bSloane,
_c1960.
300 _axiv, 257 p.
_bill.
336 _atext
_btxt
_2rdacontent
337 _aunmediated
_bn
_2rdamedia
338 _avolume
_bnc
_2rdacarrier
650 0 _aBirth control.
650 0 _aPopulation.
906 _a7
_bcbc
_coclcrpl
_du
_encip
_f19
_gy-gencatlg
942 _2ddc
_cBOOKS
999 _c9426
_d9426